| 000 | 00738nam a2200265Ia 4500 | ||
|---|---|---|---|
| 001 | 257 | ||
| 005 | 20240113233407.0 | ||
| 007 | ta | ||
| 008 | 050107s1994 g b000 u u | ||
| 040 | _aStack | ||
| 082 |
_a891.4908 B _bBr 72 Bo |
||
| 100 | _aBrahma, Riju Kumar . | ||
| 245 | 0 |
_aBoro thunlaini jarimin arw thunlai bijirnai / _cRiju Kumar Brahma. _hTextual Documents |
|
| 250 | _a1st ed / | ||
| 260 |
_aKokrajhar(Assam) : _bBodo publication board , _c1994. |
||
| 300 |
_a137p. ; _c22cm. |
||
| 500 | _aThis book is in bodo language Issued to the Deptt Bodo Acc No-89835 | ||
| 653 | _aBodo literature | ||
| 942 |
_2ddc _cBK |
||
| 999 |
_c257 _d257 |
||